Kỹ thuật tiện thực hành

Gardado en:
Detalles Bibliográficos
Autor Principal: Công Bình
Formato: Libro
Idioma:Undetermined
Publicado: H. Thanh Niên 2004
Những chủ đề:
Các nhãn: Engadir etiqueta
Sen Etiquetas, Sexa o primeiro en etiquetar este rexistro!
Thư viện lưu trữ: Trung tâm Học liệu Trường Đại học Cần Thơ
LEADER 00494nam a2200193Ia 4500
001 CTU_58898
008 210402s9999 xx 000 0 und d
020 |b 34000 
082 |a 621.942 
082 |b C455 
100 |a Công Bình 
245 0 |a Kỹ thuật tiện thực hành 
245 0 |c Công Bình 
260 |a H. 
260 |b Thanh Niên 
260 |c 2004 
650 |a lathes,metal-cutting 
904 |i Minh 
980 |a Trung tâm Học liệu Trường Đại học Cần Thơ